Million dollar arm: (Record no. 93123)
[ view plain ]
| 000 -LEADER | |
|---|---|
| fixed length control field | 00686nam a22001817a 4500 |
| 010 ## - LCCN (DPL NO) | |
| LC control number | B-593940 |
| 020 ## - INTERNATIONAL STANDARD BOOK NUMBER | |
| International Standard Book Number | 99781471136221 |
| Terms of availability | 399.00 |
| 035 ## - SYSTEM CONTROL NUMBER | |
| System control number | B-593940 |
| 082 ## - DEWEY DECIMAL CLASSIFICATION NUMBER | |
| Classification number | N |
| 100 ## - MAIN ENTRY--PERSONAL NAME | |
| Personal name | Bernstein, J.B. |
| 245 ## - TITLE STATEMENT | |
| Title | Million dollar arm: |
| Statement of responsibility, etc | by J. B. Bernstein |
| Remainder of title | sometimes to win, you have to change the game/ |
| 260 ## - PUBLICATION, DISTRIBUTION, ETC. (IMPRINT) | |
| Place of publication, distribution, etc | London |
| Name of publisher, distributor, etc | Simon & Schuster |
| Date of publication, distribution, etc | 2014 |
| 270 ## - ADDRESS | |
| Address | 222 Gray's Inn Road |
| City | London |
| 300 ## - PHYSICAL DESCRIPTION | |
| Extent | 233p |
| Dimensions | 22cm(pbk) |
| 700 ## - ADDED ENTRY--PERSONAL NAME | |
| Personal name | Paley, Rebecca |
| 942 ## - ADDED ENTRY ELEMENTS (KOHA) | |
| Source of classification or shelving scheme | Dewey Decimal Classification |
| Item type | English Books |
| Classification part | N |
| Call number suffix | BER |
| Withdrawn status | Lost status | Not for loan | Collection code | Home library | Current library | Date acquired | Source of acquisition | Cost, normal purchase price | Full call number | Barcode | Copy number | Cost, replacement price | Koha item type |
|---|---|---|---|---|---|---|---|---|---|---|---|---|---|
| Fiction | Sarojini Nagar | Sarojini Nagar | 22/04/2015 | UBH/269/26.2.15/DPL/ZLS/RP/2014-15/4/64/19.2.15/10.3.15 | 399.00 | N BER | B-593940 | 1 | 399.00 | English Books |
